000 00227nam a2200097Ia 4500
008 240331s9999 xx 000 0 und d
082 _bMUT
100 _aMutthuswami,N
245 0 _aIkkriyavin thathkala thamil agaradhi
942 _cL
999 _c3259
_d3259